000
00327nam a22001457a 4500
020
_a
817906166-0
041
_a
ENG
100
_a
Rathore.N.S
245
_a
Non Conventional Energy Sources
260
_a
New Delhi
_b
Himanshu Publications
_c
2018
300
_a
355
650
_a
EOES
700
_a
Kurchanin.A.K
856
_u
EOES
999
_c
73
_d
73